00451pam a2200133 a 4500020000500000041000500005100002300010245005200033260003900085300001700124930000900141999001900150952014800169 c h aMahindra kanitkar. aHoy Vyasanmukti Shakya AahehTextual Documents a[s.l]:bSamkalin prakashan,c2008. a112:bpaper. a6775 c240565d240565 001040708Text BooksaFAPbFAPd2012-12-31eBhararti Sahakari Grahak Bhandarg2008.00l0o pFAP-7152r2023-03-07 00:00:00t1w2023-03-07yBK